MARC

LEADER 00000nam0a2200000 4500
001 355658
005 20231102010821.0
035 |a (RuTPU)RU\TPU\retro\12918 
090 |a 355658 
100 |a 20200710d1973 km y0rusy50 ca 
101 0 |a rus 
102 |a MD 
105 |a a z 001zy 
200 1 |a Литой микропровод и его свойства  |f Е. Я. Бадинтер, Н. Р. Берман, И. Ф. Драбенко и др.  |g Академия наук Молдавской ССР, Институт математики с вычислительным центром 
210 |a Кишинев  |c Штиинца  |d 1973 
215 |a 320 с.  |c ил. 
320 |a Библиогр. в конце ст. 
606 1 |a Электрические провода  |2 stltpush  |3 (RuTPU)RU\TPU\subj\27331  |9 51106 
610 1 |a микропровода 
610 1 |a литые микропровода 
610 1 |a свойства 
610 1 |a стеклянная изоляция 
610 1 |a электромагнитные явления 
610 1 |a промышленное оборудование 
610 1 |a промышленное производство 
610 1 |a электрические свойства 
610 1 |a метод горизонтальной нити 
675 |a 621.315.3  |v 4 
701 1 |a Бадинтер  |b Е. Я. 
701 1 |a Берман  |b Н. Р. 
701 1 |a Драбенко  |b И. Ф. 
701 1 |a Заборовский  |b В. И. 
701 1 |a Зеликовский  |b З. И. 
701 1 |a Чебан  |b В. Г. 
712 0 2 |a Академия наук Молдавской ССР  |b Институт математики с вычислительным центром  |2 stltpush  |3 (RuTPU)RU\TPU\col\15145  |9 26090 
801 1 |a RU  |b 63413507  |c 20200710 
801 2 |a RU  |b 63413507  |c 20210226  |g RCR 
942 |c BK